[Event "Winnipeg op"]
[Site "Winnipeg CAN"]
[Date "2019.07.16"]
[Round "6.11"]
[White "Marshall, Carter"]
[Black "Jenkins, Mark"]
[Result "1-0"]
[WhiteElo "1561"]
[BlackElo "1438"]
[PlyCount "107"]
[EventDate "2019.06.04"]
[EventType "swiss"]
[EventRounds "8"]
[EventCountry "CAN"]

1. e4 c6 2. d4 d5 3. e5 Bf5 4. Nf3 h6 5. Bd3 Bxd3 6. Qxd3 e6 7. Nc3 Ne7 8. g4
Nd7 9. g5 Nf5 10. Ne2 Qb6 11. g6 fxg6 12. Ng3 c5 13. Nxf5 gxf5 14. dxc5 Bxc5
15. Qe2 O-O-O 16. b3 Kb8 17. Rg1 Rhg8 18. Bb2 Rc8 19. Rg2 Bb4+ 20. Kf1 Qc7 21.
Nd4 Bc3 22. Nxe6 Qxe5 23. Qxe5+ Bxe5 24. Bxe5+ Nxe5 25. Rxg7 Rxg7 26. Nxg7 f4
27. Re1 Ng4 28. h3 Nf6 29. Re2 d4 30. Ne6 f3 31. Rd2 Ne4 32. Rxd4 Ng5 33. Nxg5
hxg5 34. c4 Rh8 35. Rd5 g4 36. Kg1 Rxh3 37. Rg5 Rh4 38. Rg7 a6 39. a4 Ka7 40.
c5 a5 41. c6 Kb8 42. Rxb7+ Kc8 43. Rg7 Kb8 44. Rg5 Kc7 45. Rxa5 Rh6 46. Rc5 Rd6
47. Rc4 g3 48. fxg3 Rd1+ 49. Kf2 Rd3 50. b4 Ra3 51. b5 Rb3 52. g4 Rd3 53. g5
Rd5 54. g6 {and White won in a few more moves.} 1-0

[Event "Winnipeg op"]
[Site "Winnipeg CAN"]
[Date "2019.07.16"]
[Round "6.12"]
[White "Ott, Richard"]
[Black "Gregoryanz, Philipp"]
[Result "1-0"]
[WhiteElo "1516"]
[BlackElo "1543"]
[PlyCount "61"]
[EventDate "2019.06.04"]
[EventType "swiss"]
[EventRounds "8"]
[EventCountry "CAN"]

1. d4 d5 2. c4 e6 3. Nc3 Nf6 4. cxd5 exd5 5. Bg5 Bb4 6. e3 h6 7. Qa4+ Nc6 8.
Bxf6 Bxc3+ 9. bxc3 Qxf6 10. Nf3 O-O 11. Be2 Qg6 12. O-O Ne7 13. Ne5 Qg5 14.
Rfb1 Bh3 15. g3 f6 16. Nf3 Qf5 17. Rxb7 Rfb8 18. Rxb8+ Rxb8 19. Qd1 Rb2 20. Bd3
Qg4 21. Qa4 c6 22. Ne1 Rb8 23. Qxa7 Re8 24. Qc7 h5 25. Qf4 Qe6 26. Rc1 g5 27.
Qc7 h4 28. c4 hxg3 29. hxg3 Nf5 30. cxd5 Qxd5 31. Bc4 1-0

[Event "Winnipeg op"]
[Site "Winnipeg CAN"]
[Date "2019.07.23"]
[Round "7.1"]
[White "Lafreniere, Adrian"]
[Black "Wiebe, Isaac"]
[Result "0-1"]
[WhiteElo "1931"]
[BlackElo "2281"]
[PlyCount "78"]
[EventDate "2019.06.04"]
[EventType "swiss"]
[EventRounds "8"]
[EventCountry "CAN"]

1. e4 e6 2. Nc3 d5 3. exd5 exd5 4. d4 Nf6 5. Bd3 c6 6. Nf3 Bg4 7. h3 Bh5 8. Bg5
Be7 9. Be2 Nbd7 10. Nh4 Bxe2 11. Qxe2 O-O 12. O-O Re8 13. Qd3 g6 14. Rfe1 Ne4
15. Bxe7 Qxe7 16. g3 Qb4 17. Nxe4 dxe4 18. Rxe4 Rxe4 19. Qxe4 Qxb2 20. Re1 Nf6
21. Qd3 Qxa2 22. Re7 Qb1+ 23. Kg2 Re8 24. Rxe8+ Nxe8 25. Nf3 Nf6 26. Ne5 Qb6
27. g4 Qd8 28. Qb3 Qd5+ 29. Qxd5 cxd5 30. Kf1 Kf8 31. Ke2 Ke7 32. f3 Nd7 33.
Nd3 Kd6 34. c3 f6 35. Nb4 Nf8 36. Kd2 Ne6 37. h4 Nf4 38. Kc2 Ng2 39. h5 Ne1+
0-1

[Event "Winnipeg op"]
[Site "Winnipeg CAN"]
[Date "2019.07.23"]
[Round "7.2"]
[White "Ma, Derek"]
[Black "Baron, Gustav"]
[Result "1-0"]
[WhiteElo "2094"]
[BlackElo "2204"]
[PlyCount "43"]
[EventDate "2019.06.04"]
[EventType "swiss"]
[EventRounds "8"]
[EventCountry "CAN"]

1. e4 c5 2. Nf3 d6 3. d4 cxd4 4. Nxd4 Nf6 5. Nc3 g6 6. Be3 Bg7 7. f3 O-O 8. Qd2
Nc6 9. O-O-O Bd7 10. g4 Rc8 11. h4 h5 12. Nxc6 Bxc6 13. gxh5 Nxh5 14. Bd4 Qa5
15. Bh3 Rc7 16. Bxg7 Kxg7 17. Rdg1 b5 18. Rg5 f6 19. Rxh5 gxh5 20. Be6 Rh8 21.
Rg1+ Kf8 22. Qh6+ 1-0

[Event "Winnipeg op"]
[Site "Winnipeg CAN"]
[Date "2019.07.23"]
[Round "7.4"]
[White "Annakkage, Udaya"]
[Black "Abioye, Yemi"]
[Result "1-0"]
[WhiteElo "1702"]
[BlackElo "2067"]
[PlyCount "111"]
[EventDate "2019.06.04"]
[EventType "swiss"]
[EventRounds "8"]
[EventCountry "CAN"]

1. e4 e6 2. d4 d5 3. Nd2 Nf6 4. e5 Nfd7 5. Bd3 c5 6. c3 Nc6 7. Ndf3 Qb6 8. Ne2
cxd4 9. cxd4 Bb4+ 10. Bd2 Be7 11. b3 f6 12. Bc3 fxe5 13. dxe5 Bc5 14. O-O Qc7
15. Bb5 a6 16. Bxc6 bxc6 17. Qd2 Be7 18. Rac1 a5 19. Bb2 Qb6 20. Nc3 Nc5 21.
Ba3 Nxb3 22. axb3 Bxa3 23. Rb1 Bb4 24. Qc2 Bd7 25. Na4 Qa7 26. Qd3 Rb8 27. Ng5
g6 28. Qf3 Rf8 29. Qh3 h5 30. Nh7 Rf5 31. Nf6+ Kd8 32. Qg3 Qd4 33. Qxg6 Qxe5
34. Qg8+ Kc7 35. Qxb8+ Kxb8 36. Nxd7+ Kc7 37. Nxe5 Rxe5 38. Nb2 Re2 39. Nd3 Bc3
40. Rfc1 d4 41. Kf1 Re4 42. Rc2 Kd6 43. Re2 Rg4 44. g3 Rg5 45. f4 Rb5 46. Re5
c5 47. Nb2 Bxb2 48. Rxb2 a4 49. Ke1 axb3 50. Kd2 Rb4 51. Kd3 Rb8 52. Rxh5 Rb5
53. Re5 Rb7 54. h4 Rg7 55. Rg5 Rc7 56. Kc4 1-0

[Event "Winnipeg op"]
[Site "Winnipeg CAN"]
[Date "2019.07.23"]
[Round "7.5"]
[White "Konara, Harshani"]
[Black "Trueman, Francis"]
[Result "1-0"]
[WhiteElo "2020"]
[BlackElo "1427"]
[PlyCount "39"]
[EventDate "2019.06.04"]
[EventType "swiss"]
[EventRounds "8"]
[EventCountry "CAN"]

1. d4 Nf6 2. c4 d6 3. Nc3 g6 4. e4 Bg7 5. f3 O-O 6. Be3 c6 7. Qd2 Qc7 8. Nge2
Nbd7 9. g4 e5 10. d5 h5 11. h3 a5 12. Bg5 Nh7 13. Bh4 Bf6 14. Bxf6 Nhxf6 15.
Rg1 h4 16. O-O-O Nb6 17. Qd3 Rd8 18. f4 cxd5 19. cxd5 Nfd7 20. Kb1 {
White won in 37} 1-0

[Event "Winnipeg op"]
[Site "Winnipeg CAN"]
[Date "2019.07.23"]
[Round "7.6"]
[White "Khedkar, Jay"]
[Black "Melnyk, Jim"]
[Result "1-0"]
[WhiteElo "1986"]
[BlackElo "1708"]
[PlyCount "87"]
[EventDate "2019.06.04"]
[EventType "swiss"]
[EventRounds "8"]
[EventCountry "CAN"]

1. d4 c6 2. Nf3 d6 3. e4 Qc7 4. c4 Bg4 5. Nc3 e5 6. Be2 Nf6 7. O-O Be7 8. Be3
O-O 9. Rc1 Nbd7 10. b4 a6 11. d5 Bh5 12. Nd2 Bxe2 13. Qxe2 c5 14. b5 Ne8 15.
Rb1 f5 16. f3 f4 17. Bf2 a5 18. Na4 b6 19. Nc3 Qd8 20. Kh1 Bh4 21. Rg1 Qf6 22.
Nf1 Qh6 23. g4 fxg3 24. Nxg3 g6 25. Nf5 Rxf5 26. exf5 g5 27. Ne4 Kh8 28. Bxh4
gxh4 29. Qg2 Ndf6 30. Ng5 Ra7 31. Ne6 Ng7 32. Nxg7 Rxg7 33. Qxg7+ Qxg7 34. Rxg7
Kxg7 35. Rg1+ Kf7 36. Kg2 Nh5 37. Kh3 Nf4+ 38. Kxh4 h5 39. Rg5 Kf8 40. Rxh5
Nxh5 41. Kxh5 Kf7 42. Kg5 Kg7 43. f6+ Kf7 44. Kf5 1-0

[Event "Winnipeg op"]
[Site "Winnipeg CAN"]
[Date "2019.07.23"]
[Round "7.7"]
[White "Reimer, Bruce"]
[Black "Ubaka, Michael"]
[Result "1-0"]
[WhiteElo "1538"]
[BlackElo "1815"]
[PlyCount "89"]
[EventDate "2019.06.04"]
[EventType "swiss"]
[EventRounds "8"]
[EventCountry "CAN"]

1. c4 e5 2. Nc3 d6 3. Nf3 Be6 4. d3 Nc6 5. g3 Nf6 6. Bg2 Be7 7. O-O O-O 8. e4
Bg4 9. h3 Bh5 10. g4 Bg6 11. Nh4 Nxe4 12. Nxg6 Nxc3 13. Nxe7+ Qxe7 14. bxc3
Rab8 15. Be3 a6 16. Rb1 Na5 17. Qa4 b6 18. Rb2 c5 19. Rfb1 Qc7 20. Bf1 f5 21.
d4 f4 22. Bd2 e4 23. dxc5 dxc5 24. Bg2 f3 25. Bf1 Rfe8 26. Qd1 Red8 27. Qc1 Qc6
28. Bf4 Rb7 29. Qe3 Re8 30. Rd1 Qa4 31. Rbd2 Nxc4 32. Bxc4+ Qxc4 33. Rd8 Rbe7
34. Bg5 Re6 35. Rxe8+ Rxe8 36. Rd8 Rxd8 37. Bxd8 Qe2 38. Bxb6 Qd1+ 39. Kh2 Qf1
40. Kg3 h6 41. Qxc5 Qg2+ 42. Kh4 Kh7 43. Qf5+ Kg8 44. Kh5 Qxh3+ 45. Kg6 1-0

[Event "Winnipeg op"]
[Site "Winnipeg CAN"]
[Date "2019.07.23"]
[Round "7.8"]
[White "Remillard, John"]
[Black "Czarny, Keith"]
[Result "1/2-1/2"]
[WhiteElo "1602"]
[BlackElo "1683"]
[PlyCount "115"]
[EventDate "2019.06.04"]
[EventType "swiss"]
[EventRounds "8"]
[EventCountry "CAN"]

1. Nf3 c5 2. g3 Nc6 3. Bg2 d5 4. O-O g6 5. d4 cxd4 6. Nxd4 Bg7 7. Nxc6 bxc6 8.
c4 e6 9. cxd5 cxd5 10. Nd2 Ne7 11. Nb3 O-O 12. Rb1 Rb8 13. Qc2 e5 14. Rd1 Qb6
15. e4 dxe4 16. Be3 Qb4 17. Bc5 Qb7 18. Bd6 Bf5 19. Bxe7 Qxe7 20. Bxe4 Rfc8 21.
Qe2 Be6 22. Bd5 Bf5 23. Rbc1 Bh6 24. Rxc8+ Rxc8 25. Nd4 Bh3 26. Nc6 Qc7 27. Qf3
Be6 28. Bxe6 fxe6 29. Nb4 Rf8 30. Qe2 Qb6 31. Nd3 Bg7 32. b3 Qb5 33. Qe4 Rd8
34. Nb2 Rxd1+ 35. Nxd1 Qd5 36. Nc3 Qxe4 37. Nxe4 Bf8 38. f3 Be7 39. h4 Kf8 40.
Kg2 Ke8 41. Kh3 Kd7 42. Kg4 Kc6 43. h5 Kd5 44. h6 Kd4 45. Ng5 Bxg5 46. Kxg5 e4
47. fxe4 Kxe4 48. Kf6 e5 49. Kg7 Kf3 50. Kxh7 e4 51. Kxg6 e3 52. h7 e2 53. h8=Q
e1=Q 54. Qh5+ Kxg3 55. Qg5+ Kf3 56. Qf5+ Kg3 57. Qd3+ Kf4 58. Qc4+ {
Draw agreed.} 1/2-1/2

[Event "Winnipeg op"]
[Site "Winnipeg CAN"]
[Date "2019.07.23"]
[Round "7.9"]
[White "Magyar, Peter"]
[Black "Marshall, Carter"]
[Result "0-1"]
[WhiteElo "1461"]
[BlackElo "1561"]
[PlyCount "63"]
[EventDate "2019.06.04"]
[EventType "swiss"]
[EventRounds "8"]
[EventCountry "CAN"]

1. d4 Nf6 2. Bf4 c5 3. c3 Nc6 4. e3 Qb6 5. Qc2 cxd4 6. Nd2 e5 7. Nc4 Qc7 8. Bg5
d5 9. Nd2 dxe3 10. Bxe3 d4 11. Bg5 Nd5 12. Ngf3 dxc3 13. bxc3 Ncb4 14. Qe4 Nxc3
15. Rc1 Nxe4 16. Rxc7 Nxg5 17. Nxg5 Nc6 18. Rxf7 h6 19. Nde4 hxg5 20. Nxg5 Rh5
21. h4 Bb4+ 22. Ke2 Nd4+ 23. Kd3 Ne6 24. Rf5 Nf4+ 25. Rxf4 exf4 26. Ke4 Be7 27.
Be2 Rh6 28. Kxf4 Bd7 29. Bc4 Bxg5+ 30. Kxg5 Rc8 31. Re1+ Kf8 32. g4 0-1

[Event "Winnipeg op"]
[Site "Winnipeg CAN"]
[Date "2019.07.23"]
[Round "7.10"]
[White "Ott, Richard"]
[Black "Myrzaibraimova, Aibike"]
[Result "0-1"]
[WhiteElo "1516"]
[BlackElo "1581"]
[PlyCount "78"]
[EventDate "2019.06.04"]
[EventType "swiss"]
[EventRounds "8"]
[EventCountry "CAN"]

1. d4 Nf6 2. Nf3 e6 3. c4 d5 4. Nc3 Be7 5. cxd5 exd5 6. Bf4 O-O 7. e3 c6 8. Bd3
Bd6 9. Bxd6 Qxd6 10. Qc2 Nbd7 11. O-O-O h6 12. Kb1 b5 13. e4 dxe4 14. Nxe4 Qd5
15. Nc5 a5 16. Rhe1 Nxc5 17. dxc5 Qh5 18. h3 Bxh3 19. gxh3 Qxf3 20. Re3 Qf4 21.
Bf1 Nd5 22. Re4 Qf5 23. Bd3 Qxh3 24. Ree1 Nb4 25. Bh7+ Kh8 26. Qf5 Qxf5+ 27.
Bxf5 Rfd8 28. a3 Nd5 29. Kc2 g6 30. Bh3 Ra7 31. Bg2 Rc7 32. b3 b4 33. axb4
Nxb4+ 34. Kb2 Rxd1 35. Rxd1 Kg7 36. Rd6 Kf8 37. Ka3 Ke7 38. Ka4 Na6 39. Rd4
Nxc5+ 0-1

[Event "Winnipeg op"]
[Site "Winnipeg CAN"]
[Date "2019.07.23"]
[Round "7.11"]
[White "Gannon, Keith"]
[Black "Marshall, Ken"]
[Result "1-0"]
[WhiteElo "1469"]
[BlackElo "1475"]
[PlyCount "51"]
[EventDate "2019.06.04"]
[EventType "swiss"]
[EventRounds "8"]
[EventCountry "CAN"]

1. Nf3 d5 2. d4 Nf6 3. e3 Bf5 4. Bd2 e6 5. Nc3 Nbd7 6. Be2 c6 7. O-O Bd6 8. Re1
Qc7 9. a3 Ng4 10. g3 h5 11. Nh4 g6 12. Bd3 Bxd3 13. cxd3 Be7 14. Nf3 f5 15. e4
h4 16. Bf4 Bd6 17. Bxd6 Qxd6 18. Nxh4 g5 19. exf5 O-O-O 20. Rxe6 Qc7 21. Qxg4
gxh4 22. Rg6 hxg3 23. Qxg3 Qb6 24. Nxd5 cxd5 25. Rc1+ Nc5 26. Rxc5+ 1-0

[Event "Winnipeg op"]
[Site "Winnipeg CAN"]
[Date "2019.07.23"]
[Round "7.12"]
[White "Lei, Yanyu"]
[Black "Jenkins, Mark"]
[Result "1-0"]
[WhiteElo "1574"]
[BlackElo "1438"]
[PlyCount "43"]
[EventDate "2019.06.04"]
[EventType "swiss"]
[EventRounds "8"]
[EventCountry "CAN"]

1. d4 d5 2. Nf3 Nf6 3. c4 c6 4. Nc3 Bg4 5. Bf4 e6 6. Qb3 b6 7. Ne5 Bf5 8. cxd5
Nxd5 9. Nxd5 Qxd5 10. Qxd5 cxd5 11. e3 Bb4+ 12. Kd1 O-O 13. Rc1 f6 14. Nd3 Bxd3
15. Bxd3 a6 16. Ke2 Ra7 17. Rc2 b5 18. Rhc1 Ba5 19. Bd6 Rd8 20. Rc8 Rc7 21.
Rxd8+ Kf7 22. Rf8# 1-0

[Event "Winnipeg op"]
[Site "Winnipeg CAN"]
[Date "2019.07.23"]
[Round "7.13"]
[White "Gregoryanz, Philipp"]
[Black "Myrzaibraimova, Alia"]
[Result "1-0"]
[WhiteElo "1543"]
[BlackElo "1208"]
[PlyCount "53"]
[EventDate "2019.06.04"]
[EventType "swiss"]
[EventRounds "8"]
[EventCountry "CAN"]

1. e4 e6 2. d4 d5 3. exd5 exd5 4. Nc3 Bb4 5. Bd2 Nf6 6. Nf3 Bg4 7. Be2 O-O 8.
h3 Bh5 9. a3 Ba5 10. Ne5 Bxe2 11. Qxe2 Nc6 12. Nxc6 bxc6 13. O-O Qd6 14. Qf3
Rfe8 15. Bg5 Ne4 16. Nxe4 Rxe4 17. Be3 Bb6 18. Rad1 c5 19. dxc5 Bxc5 20. b4
Bxe3 21. fxe3 Rae8 22. Qxf7+ Kh8 23. Rxd5 Qe7 24. Rff5 h6 25. Qg6 Rxe3 26. Rf7
Qd6 27. Qxg7# 1-0

[Event "Winnipeg op"]
[Site "Winnipeg CAN"]
[Date "2019.07.30"]
[Round "8.1"]
[White "Wiebe, Isaac"]
[Black "Ma, Derek"]
[Result "0-1"]
[WhiteElo "2281"]
[BlackElo "2094"]
[PlyCount "122"]
[EventDate "2019.06.04"]
[EventType "swiss"]
[EventRounds "8"]
[EventCountry "CAN"]

1. Nf3 Nf6 2. g3 g6 3. b3 Bg7 4. Bb2 O-O 5. Bg2 d6 6. d4 Nbd7 7. O-O c6 8. c4
b6 9. Nc3 Bb7 10. Qc2 d5 11. Rfd1 Rc8 12. e4 dxe4 13. Nxe4 Nxe4 14. Qxe4 Nf6
15. Qe2 e6 16. Ne5 Qe7 17. Rd3 Rfd8 18. Rad1 Ne8 19. f4 Nd6 20. Re1 b5 21. c5
Ne8 22. b4 Nf6 23. Ra3 a6 24. Re3 Nd5 25. Bxd5 Rxd5 26. Bc3 Rcd8 27. a3 Qc7 28.
Kg2 Bc8 29. h4 Bd7 30. h5 Be8 31. hxg6 hxg6 32. Rh1 Qe7 33. Qg4 Qf6 34. Ree1
Ra8 35. Ra1 Rdd8 36. Rh4 Rdc8 37. Qh3 Qd8 38. Qg4 Qd5+ 39. Qf3 Qb3 40. Qd3 Rd8
41. Rhh1 f6 42. Nf3 e5 43. fxe5 fxe5 44. Rhb1 Qd5 45. Re1 exd4 46. Bb2 Bd7 47.
Qxg6 Rf8 48. Qe4 Qb3 49. Bxd4 Rae8 50. Ne5 Bf5 51. Qe3 Qd5+ 52. Kg1 Bh3 53. Qe4
Qe6 54. Qxc6 Qf5 55. Qd5+ Kh8 56. Qe4 Bxe5 57. Bxe5+ Kg8 58. Qd5+ Kh7 59. Qe4
Rxe5 60. Qxe5 Qf2+ 61. Kh1 Qg2# 0-1

[Event "Winnipeg op"]
[Site "Winnipeg CAN"]
[Date "2019.07.30"]
[Round "8.2"]
[White "Rutter, Blair"]
[Black "Lafreniere, Adrian"]
[Result "1/2-1/2"]
[WhiteElo "1896"]
[BlackElo "1931"]
[PlyCount "43"]
[EventDate "2019.06.04"]
[EventType "swiss"]
[EventRounds "8"]
[EventCountry "CAN"]

1. c4 e6 2. g3 Nf6 3. Bg2 d5 4. d3 Bb4+ 5. Bd2 Bxd2+ 6. Nxd2 O-O 7. Ngf3 Nc6 8.
O-O b6 9. Rc1 Bb7 10. a3 Qd6 11. b4 Ne5 12. c5 Nxf3+ 13. Nxf3 Qe7 14. c6 Bc8
15. Qb3 e5 16. Rfe1 Qd6 17. e3 Be6 18. Qb2 e4 19. dxe4 Nxe4 20. Rcd1 a5 21. Ne5
Qe7 22. Rd4 1/2-1/2

[Event "Winnipeg op"]
[Site "Winnipeg CAN"]
[Date "2019.07.30"]
[Round "8.3"]
[White "Baron, Gustav"]
[Black "Prince, Colin"]
[Result "1/2-1/2"]
[WhiteElo "2204"]
[BlackElo "1858"]
[PlyCount "25"]
[EventDate "2019.06.04"]
[EventType "swiss"]
[EventRounds "8"]
[EventCountry "CAN"]

1. Nf3 Nc6 2. c4 e5 3. Nc3 Nf6 4. d3 Bc5 5. g3 d6 6. Bg2 Be6 7. e3 d5 8. cxd5
Nxd5 9. a3 a5 10. O-O O-O 11. Bd2 Be7 12. Qc2 f5 13. Rfd1 1/2-1/2

[Event "Winnipeg op"]
[Site "Winnipeg CAN"]
[Date "2019.07.30"]
[Round "8.4"]
[White "Reimer, Bruce"]
[Black "Letain, Cory"]
[Result "0-1"]
[WhiteElo "1538"]
[BlackElo "1667"]
[PlyCount "76"]
[EventDate "2019.06.04"]
[EventType "swiss"]
[EventRounds "8"]
[EventCountry "CAN"]

1. c4 c5 2. g3 g6 3. Bg2 Bg7 4. Nc3 Nc6 5. e4 e5 6. Nge2 Nge7 7. d3 d6 8. O-O
O-O 9. a3 h6 10. Rb1 a5 11. Nb5 Kh7 12. f4 f5 13. Kh1 Be6 14. b3 Qd7 15. exf5
Bxf5 16. Ng1 Nd4 17. Nxd4 cxd4 18. h3 Rab8 19. Kh2 b5 20. g4 Be6 21. Bd2 bxc4
22. bxc4 Rxb1 23. Qxb1 exf4 24. Rxf4 Be5 25. Qc1 g5 26. Be4+ Kg7 27. Ne2 Bxg4
28. hxg4 Qxg4 29. Qf1 gxf4 30. Bf3 Qh4+ 31. Kg2 Rf5 32. Kg1 Rg5+ 33. Bg2 Ng6
34. Be1 Qg4 35. Kh1 Rh5+ 36. Kg1 f3 37. Qxf3 Bh2+ 38. Kf1 Rf5 0-1

[Event "Winnipeg op"]
[Site "Winnipeg CAN"]
[Date "2019.07.30"]
[Round "8.6"]
[White "Abioye, Yemi"]
[Black "Khedkar, Jay"]
[Result "1-0"]
[WhiteElo "2067"]
[BlackElo "1986"]
[PlyCount "53"]
[EventDate "2019.06.04"]
[EventType "swiss"]
[EventRounds "8"]
[EventCountry "CAN"]

1. e4 d6 2. d4 g6 3. f4 Bg7 4. Nf3 Nf6 5. Bd3 Nc6 6. c3 O-O 7. O-O e5 8. d5 Ne7
9. fxe5 dxe5 10. c4 Nh5 11. Nc3 f5 12. exf5 Nxf5 13. g4 Nh4 14. gxh5 Bg4 15.
Be2 Nxf3+ 16. Bxf3 Rxf3 17. Rxf3 Qh4 18. Qd3 Bxf3 19. Qxf3 Rf8 20. Qg3 Qxc4 21.
Be3 e4 22. Bf4 Bd4+ 23. Kh1 e3 24. hxg6 h5 25. Bxe3 h4 26. Qxh4 Rf1+ 27. Kg2
1-0

[Event "Winnipeg op"]
[Site "Winnipeg CAN"]
[Date "2019.07.30"]
[Round "8.7"]
[White "Ubaka, Michael"]
[Black "Marshall, Carter"]
[Result "1-0"]
[WhiteElo "1815"]
[BlackElo "1561"]
[PlyCount "63"]
[EventDate "2019.06.04"]
[EventType "swiss"]
[EventRounds "8"]
[EventCountry "CAN"]

1. d4 Nf6 2. Nf3 c5 3. e3 cxd4 4. exd4 d5 5. Bd3 Nc6 6. c3 g6 7. h3 Ne4 8. Qc2
Bf5 9. g4 Be6 10. Bxe4 dxe4 11. Qxe4 Bd5 12. Qd3 e5 13. Nbd2 Qe7 14. dxe5 Rd8
15. O-O Nxe5 16. Nxe5 Qxe5 17. Nf3 Bxf3 18. Qxf3 Bd6 19. Rd1 O-O 20. Bh6 Rfe8
21. Re1 Qxe1+ 22. Rxe1 Rxe1+ 23. Kg2 Rd7 24. Qd5 Rg1+ 25. Kf3 Rh1 26. g5 Rxh3+
27. Ke2 Re7+ 28. Kd2 Bf4+ 29. Kc2 Re2+ 30. Kb3 Re8 31. Qd7 Rb8 32. Qxh3 1-0

[Event "Winnipeg op"]
[Site "Winnipeg CAN"]
[Date "2019.07.30"]
[Round "8.8"]
[White "Melnyk, Jim"]
[Black "Gannon, Keith"]
[Result "1/2-1/2"]
[WhiteElo "1708"]
[BlackElo "1469"]
[PlyCount "117"]
[EventDate "2019.06.04"]
[EventType "swiss"]
[EventRounds "8"]
[EventCountry "CAN"]

1. e4 e5 2. Nf3 d6 3. Bc4 Be7 4. c3 Nf6 5. d4 exd4 6. Qxd4 Nc6 7. Qe3 Ne5 8.
Bb3 Nxf3+ 9. Qxf3 O-O 10. h3 Be6 11. c4 c6 12. Nc3 Nd7 13. Qe2 Nc5 14. Bc2 Bf6
15. Bd2 Re8 16. O-O a6 17. Rfe1 b5 18. cxb5 axb5 19. a3 Bb3 20. Bxb3 Nxb3 21.
Rad1 Nxd2 22. Qxd2 Bxc3 23. Qxc3 Qc7 24. Qd3 Rad8 25. Rc1 Qb7 26. Kf1 c5 27.
Re3 g6 28. Qb3 Qd7 29. Rd1 Qb7 30. Rd5 Re5 31. Qd3 Rxd5 32. exd5 b4 33. axb4
Qxb4 34. b3 Ra8 35. Qe4 Ra1+ 36. Ke2 Re1+ 37. Kf3 Rxe3+ 38. Qxe3 Qb8 39. Kg3 h5
40. f4 Qd8 41. h4 Qd7 42. Qf3 Qf5 43. Kh2 f6 44. g3 Qc2+ 45. Kh3 Qf5+ 46. g4
hxg4+ 47. Qxg4 Qd3+ 48. Qg3 Qe4 49. h5 Qf5+ 50. Qg4 Qd3+ 51. Kh4 g5+ 52. fxg5
f5 53. Qf4 Qxd5 54. g6 Qe4 55. Kg3 Qd3+ 56. Kh4 Qe4 57. Kg3 Qd3+ 58. Kh4 Qe4
59. Kg3 1/2-1/2

[Event "Winnipeg op"]
[Site "Winnipeg CAN"]
[Date "2019.07.30"]
[Round "8.9"]
[White "Myrzaibraimova, Aibike"]
[Black "Remillard, John"]
[Result "1/2-1/2"]
[WhiteElo "1581"]
[BlackElo "1602"]
[PlyCount "143"]
[EventDate "2019.06.04"]
[EventType "swiss"]
[EventRounds "8"]
[EventCountry "CAN"]

1. e4 e5 2. Nf3 Nf6 3. Nxe5 Qe7 4. Nf3 Qxe4+ 5. Be2 Bb4 6. c3 Ba5 7. d4 O-O 8.
O-O d6 9. Nbd2 Qc6 10. Re1 Re8 11. Nc4 Bb6 12. Qc2 Be6 13. Nxb6 axb6 14. c4 Qd7
15. Bd3 Na6 16. a3 Nb4 17. Qc3 Nxd3 18. Qxd3 Bf5 19. Rxe8+ Rxe8 20. Qb3 Bg4 21.
Bd2 Ne4 22. Bf4 Qf5 23. Bg3 Bxf3 24. Qxf3 Qxf3 25. gxf3 Nd2 26. Kg2 Nxc4 27.
Rc1 d5 28. Bxc7 Rc8 29. Re1 Kf8 30. Be5 Nxb2 31. Bd6+ Kg8 32. Re7 Nc4 33. Bb4
g6 34. Rxb7 Ra8 35. Rd7 Nxa3 36. Rxd5 Nc2 37. Be7 Ra5 38. Rd8+ Kg7 39. Bf8+ Kf6
40. Rd6+ Kf5 41. Bg7 Kf4 42. Rf6+ Rf5 43. Rxb6 Ne1+ 44. Kf1 Nxf3 45. h3 Ke4 46.
Rd6 Ng5 47. Kg2 Nf3 48. Bf6 g5 49. Kg3 h5 50. Bg7 h4+ 51. Kg2 Ne1+ 52. Kf1 Nd3
53. d5 Nxf2 54. Rf6 Nxh3+ 55. Rxf5 Kxf5 56. d6 Nf4 57. Bf8 Ne6 58. Be7 Kg4 59.
d7 h3 60. Kg1 f5 61. d8=Q Nxd8 62. Bxd8 f4 63. Bb6 Kf3 64. Bd8 g4 65. Kh2 Ke2
66. Bb6 Kf1 67. Bc7 g3+ 68. Kxh3 g2 69. Bb6 g1=Q 70. Bxg1 Kxg1 71. Kg4 f3 72.
Kxf3 {Draw} 1/2-1/2

[Event "Winnipeg op"]
[Site "Winnipeg CAN"]
[Date "2019.07.30"]
[Round "8.10"]
[White "Trueman, Francis"]
[Black "Lei, Yanyu"]
[Result "1/2-1/2"]
[WhiteElo "1427"]
[BlackElo "1574"]
[PlyCount "104"]
[EventDate "2019.06.04"]
[EventType "swiss"]
[EventRounds "8"]
[EventCountry "CAN"]

1. e4 c5 2. Nf3 d6 3. g3 Nc6 4. Bg2 Nf6 5. d3 g6 6. O-O Bg7 7. Nbd2 O-O 8. Re1
Bg4 9. h3 Be6 10. Qe2 Nd7 11. c3 h6 12. Nf1 Qb6 13. h4 Rac8 14. N1h2 Nde5 15.
Be3 Qb5 16. d4 Qxe2 17. Rxe2 cxd4 18. cxd4 Nxf3+ 19. Nxf3 Bg4 20. Rd2 a6 21.
Nh2 Bd7 22. a3 Na5 23. Rd3 Bb5 24. Rdd1 Nb3 25. Rab1 Be2 26. Rf1 Bd3 27. e5
Bxb1 28. Rxb1 dxe5 29. dxe5 Bxe5 30. Bxh6 Rfd8 31. Bxb7 Rc2 32. Re1 Bd4 33. Ng4
Bxb2 34. Rxe7 Bg7 35. Bg5 Rd1+ 36. Kg2 Ra2 37. Bxa6 Rxa3 38. Bc4 Rd6 39. Rxf7
Kh8 40. Bf6 Bxf6 41. Nxf6 Rxf6 42. Rxf6 Nd2 43. Bd5 Kg7 44. Rf4 Rd3 45. Rf7+
Kg8 46. Rd7+ Kf8 47. Rf7+ Ke8 48. Ba2 Ra3 49. Be6 Ra6 50. Rf6 Ke7 51. Rxg6 Rxe6
52. Rxe6+ Kxe6 {and eventually drawn} 1/2-1/2

[Event "Winnipeg op"]
[Site "Winnipeg CAN"]
[Date "2019.07.30"]
[Round "8.11"]
[White "Marshall, Ken"]
[Black "Ott, Richard"]
[Result "1-0"]
[WhiteElo "1475"]
[BlackElo "1516"]
[PlyCount "61"]
[EventDate "2019.06.04"]
[EventType "swiss"]
[EventRounds "8"]
[EventCountry "CAN"]

1. e4 d5 2. exd5 Qxd5 3. Nc3 Qd6 4. Nf3 Nf6 5. Nb5 Qd8 6. d4 c6 7. Nc3 Bg4 8.
h3 Bh5 9. Be2 e6 10. O-O Qc7 11. Ne5 Bxe2 12. Qxe2 Nbd7 13. Bf4 Nd5 14. Nxd5
cxd5 15. Ng6 Bd6 16. Bxd6 Qxd6 17. Nxh8 Qf8 18. Nxf7 Qxf7 19. Rfe1 Ke7 20. c4
Nf6 21. cxd5 Nxd5 22. Qf3 Qxf3 23. gxf3 Rc8 24. Rac1 Rc6 25. Rxc6 bxc6 26. Rc1
Kd6 27. Kg2 Nf4+ 28. Kf1 Nxh3 29. Rc5 Kc7 30. Rh5 Nf4 31. Rxh7 1-0

[Event "Winnipeg op"]
[Site "Winnipeg CAN"]
[Date "2019.07.30"]
[Round "8.12"]
[White "Magyar, Peter"]
[Black "Gregoryanz, Philipp"]
[Result "0-1"]
[WhiteElo "1471"]
[BlackElo "1543"]
[PlyCount "76"]
[EventDate "2019.06.04"]
[EventType "swiss"]
[EventRounds "8"]
[EventCountry "CAN"]

1. d4 d5 2. Bf4 Nc6 3. c3 Nf6 4. e3 Bf5 5. Be2 e6 6. Nf3 Bd6 7. Ne5 Bxe5 8.
Bxe5 Nxe5 9. dxe5 Nd7 10. f4 Qe7 11. b4 O-O 12. O-O Be4 13. Nd2 c5 14. a3 cxb4
15. axb4 f6 16. Bf3 fxe5 17. Bxe4 dxe4 18. Nxe4 exf4 19. exf4 Nf6 20. Qd6 Qxd6
21. Nxd6 Nd5 22. f5 exf5 23. Ra5 Nxc3 24. Raxf5 Rxf5 25. Rxf5 b6 26. h3 a5 27.
bxa5 bxa5 28. Rc5 Ne2+ 29. Kf2 Nd4 30. Ke3 Nb3 31. Rb5 a4 32. Nc4 Rc8 33. Kd3
Nc5+ 34. Kc3 Ne4+ 35. Kb4 Rxc4+ 36. Ka3 Rc2 37. Rb4 Nc3 38. g4 Ra2# 0-1